000 00618nam a22001937a 4500
005 20250328145835.0
010 _aENG-144342
020 _a9780670090075
_c499.00
035 _aEN-127874
037 _bDBAD
082 _a332.4954
_21
100 _aArun Kumar
_980020
245 _aDemonetization And the Black Economy/
_cArun Kumar
250 _a1
260 _aHaryana
_bPenguin Random House India
_c2017
270 _aPenguin Random House India Pvt. Ltd. 7th Floor , Infinity Tower C, DLF Cyber City
_bHaryana
_e122002
300 _axvii,300p.
_c20 cm(hb)
942 _2ddc
_cEN
_h332.4954
_mARU
_e1
999 _c210582
_d210582